<?xml version="1.0" encoding="UTF-8"?><?xml-stylesheet type="text/xsl" href="static/style.xsl"?><OAI-PMH xmlns="http://www.openarchives.org/OAI/2.0/" xmlns:xsi="http://www.w3.org/2001/XMLSchema-instance" xsi:schemaLocation="http://www.openarchives.org/OAI/2.0/ http://www.openarchives.org/OAI/2.0/OAI-PMH.xsd"><responseDate>2026-06-07T04:34:30Z</responseDate><request verb="GetRecord" identifier="oai:riuma.uma.es:10630/38272" metadataPrefix="marc">https://riuma.uma.es/rest/oai/request</request><GetRecord><record><header><identifier>oai:riuma.uma.es:10630/38272</identifier><datestamp>2026-02-03T12:43:02Z</datestamp><setSpec>com_10630_2254</setSpec><setSpec>col_10630_37957</setSpec></header><metadata><record xmlns="http://www.loc.gov/MARC21/slim" xmlns:dcterms="http://purl.org/dc/terms/" xmlns:doc="http://www.lyncode.com/xoai" xmlns:xsi="http://www.w3.org/2001/XMLSchema-instance" xsi:schemaLocation="http://www.loc.gov/MARC21/slim http://www.loc.gov/standards/marcxml/schema/MARC21slim.xsd">
   <leader>00925njm 22002777a 4500</leader>
   <datafield ind2=" " ind1=" " tag="042">
      <subfield code="a">dc</subfield>
   </datafield>
   <datafield ind2=" " ind1=" " tag="720">
      <subfield code="a">Rodríguez Díaz, Rodiel</subfield>
      <subfield code="e">author</subfield>
   </datafield>
   <datafield ind2=" " ind1=" " tag="260">
      <subfield code="c">2025</subfield>
   </datafield>
   <datafield ind2=" " ind1=" " tag="520">
      <subfield code="a">La presente investigación doctoral busca ser un aporte al campo de la Educación Para las Paces. En términos generales, se trata de comprender los sentidos y agenciamientos de paces vinculados en las narrativas de vida de maestros y maestras que, inmersos en las instituciones educativas del departamento del Meta, Colombia, evidencian acciones pedagógicas en clave de paz positiva e imperfecta, favoreciendo con ello la construcción de una propuesta de escenarios deseables y lineamientos educativos para las paces.&#xd;
En tiempos recientes, con ocasión del “acuerdo final para la terminación del conflicto y la construcción de una paz estable y duradera” del año 2016, firmados entre las FARC-EP y el Estado colombiano, para los territorios perjudicados por el conflicto interno armado, se ha puesto en marcha la implementación de una planificación estratégica a quince años, con la misión de ayudar a dar estabilidad y potencializar la transformación de las regiones, donde aflora una aguda pobreza, economías ilegales y poca presencia del Estado, entre otros factores sociales e institucionales, a tal iniciativa se le ha denominado Plan de Desarrollo Territorial (Pdet).&#xd;
En este plano, en el Departamento del Meta -ubicado geográficamente en la región de la Orinoquía colombiana, lugar donde se desarrolló la investigación- se han priorizado ocho municipios para la realización de Programas de Desarrollo con Enfoque Territorial (Pdet): Uribe, Vista Hermosa, Mesetas, Puerto Lleras, Puerto Rico, Puerto Concordia, Mapiripán y La Macarena; se trata de paisajes y territorios que históricamente han sido escenario de algunos acuerdos de paz que a la fecha se han establecido y firmado, entre los diversos grupos armados ilegales y los gobiernos presidenciales de turno.</subfield>
   </datafield>
   <datafield ind1="8" ind2=" " tag="024">
      <subfield code="a">https://hdl.handle.net/10630/38272</subfield>
   </datafield>
   <datafield tag="653" ind2=" " ind1=" ">
      <subfield code="a">Sociología de la educación - Tesis doctorales</subfield>
   </datafield>
   <datafield tag="653" ind2=" " ind1=" ">
      <subfield code="a">Paz</subfield>
   </datafield>
   <datafield tag="653" ind2=" " ind1=" ">
      <subfield code="a">Valores sociales</subfield>
   </datafield>
   <datafield ind2="0" ind1="0" tag="245">
      <subfield code="a">Andamios de paz. Educación para las paces a partir de sentidos y agenciamientos territoriales vinculados en las narrativas de vida de maestras y maestros, caso Institución Educativa Puerto Iris, del municipio de Puerto Concordia, departamento del Meta, Colombia.</subfield>
   </datafield>
</record>
</metadata></record></GetRecord></OAI-PMH>